000 00789na a2200241 4500
001 18546
003 MIRAKIL
005 20181213155038.0
008 161121b tu 000 0
040 _aMilas
_btur
_cTR-AnCHP
041 _atur
082 _a338.9
_bB37b 1985
090 _a338.9 B37b 1985
111 _aBeş Yıllık Kalkınma Planı
_d1985-1989
245 _a1986 Yılı programı
_cDevlet Planlama Teşkilatı (DPT)
260 _aAnkara
_bBaşbakanlık Basımevi
_c1985
300 _a360 s.
_btbl.;
_c23 sm.
610 _aDevlet Planlama Teşkilatı (DPT)
_xKalkınma planları
650 _aKalkınma programı
_d1985-1989
_xprogramlar, 1986
651 _aTürkiye
_xBeş yıllık kalkınma planları
710 _aDevlet Planlama Teşkilatı (DPT)
942 _2ddc
_cBKS
999 _c5499
_d5499